| 000 | 00607nam a2200193 a 4500 | ||
|---|---|---|---|
| 001 | 000009473 | ||
| 005 | 20240412074211.0 | ||
| 008 | 090930s1972 dr 000 p spa d | ||
| 040 |
_aDO-SdBNP _bspa _cBNPHU |
||
| 082 |
_aRD861.44 _bO81c |
||
| 100 | 1 |
_aOscar, Armando _924269 |
|
| 245 | 1 | 0 |
_aCabezas de estudio : _bretratos desdibujados / _cArmando Oscar. |
| 260 |
_aSanto Domingo : _bEdiciones Paladion, _c1972. |
||
| 300 |
_a156 p. ; _c21 cm. |
||
| 590 | _aInventariado, 2018/LP | ||
| 650 | 0 |
_aPoesÃa dominicana _966 |
|
| 650 | 0 |
_aLiteratura dominicana. _967 |
|
| 910 | _aValidado. Control de calidad MMOLINA | ||
| 999 |
_c9233 _d9233 |
||